<?xml version="1.0" encoding="UTF-8"?>
<record
    xmlns:xsi="http://www.w3.org/2001/XMLSchema-instance"
    xsi:schemaLocation="http://www.loc.gov/MARC21/slim http://www.loc.gov/standards/marcxml/schema/MARC21slim.xsd"
    xmlns="http://www.loc.gov/MARC21/slim">

  <leader>01831    a2200253   4500</leader>
  <controlfield tag="001">38843</controlfield>
  <controlfield tag="005">20260407155649.0</controlfield>
  <controlfield tag="008">260407a1982    arg                 spa d</controlfield>
  <controlfield tag="003">AR-UNSa-BCEJYS</controlfield>
  <datafield tag="040" ind1=" " ind2=" ">
    <subfield code="a">AR-UNSa-BCEJYS</subfield>
    <subfield code="b">spa</subfield>
    <subfield code="c">AR-UNSa-BCEJYS</subfield>
  </datafield>
  <datafield tag="080" ind1=" " ind2=" ">
    <subfield code="a">519.23</subfield>
    <subfield code="x">An&#xE1;lisis estad&#xED;stico. M&#xE9;todos de inferencia (M&#xE9;todos no param&#xE9;tricos...)</subfield>
  </datafield>
  <datafield tag="245" ind1="1" ind2="0">
    <subfield code="a">Introducci&#xF3;n a la inferencia estad&#xED;stica</subfield>
  </datafield>
  <datafield tag="020" ind1=" " ind2=" ">
    <subfield code="a">968-24-0167-7</subfield>
  </datafield>
  <datafield tag="250" ind1=" " ind2=" ">
    <subfield code="a">1a ed., 2a. reimp.</subfield>
  </datafield>
  <datafield tag="264" ind1=" " ind2="1">
    <subfield code="a">M&#xE9;xico :</subfield>
    <subfield code="b">Trillas</subfield>
    <subfield code="c">1982</subfield>
  </datafield>
  <datafield tag="300" ind1=" " ind2=" ">
    <subfield code="a">464 p.</subfield>
    <subfield code="c">23 cm.</subfield>
  </datafield>
  <datafield tag="505" ind1=" " ind2=" ">
    <subfield code="a">1. Elementos de probabilidad - 2. Variables aleatorias - 3. Variables aleatorias; valores esperados - 4. Dos variables aleatorias - 5. Dos variables aleatorias; valores esperados - 6. Dos variables aleatorias; esperanza condicional y predicci&#xF3;n - 7. Diversas variables aleatorias - 8. Cambio de variable - 9. Permutaciones y combinaciones - 10. Distribuci&#xF3;n binomial - 11. La distribuci&#xF3;n de Poisson - 12. Distribuci&#xF3;n hipergeom&#xE9;trica - 13. Distribuci&#xF3;n binomial negativa - 14. Distribuci&#xF3;n multinomial - 15. Distribuciones uniformes de Laplace y Cauchy - 16. Distribuci&#xF3;n normal en una variable - 17. Distribuci&#xF3;n normal en dos variables - 18. Series de Gram-Charlier y polinomios de Hermite - 19. Muestro aleatorio - 20. Convoluci&#xF3;n - 21. Muestreo de poblaciones en general - 22. Estad&#xED;sticas de orden - 23. Muestreo de una poblaci&#xF3;n normal - 24. Regla de Bayes - 25. Estimaci&#xF3;n puntual - 26. M&#xE1;xima verosimilitud - 27. Los mejores estimadores lineales insesgados - 28. Pruebas de hip&#xF3;tesis estad&#xED;sticas - 29. Estimaci&#xF3;n por intervalos - 30. Regresi&#xF3;n: dos variables</subfield>
  </datafield>
  <datafield tag="041" ind1=" " ind2=" ">
    <subfield code="a">spa</subfield>
  </datafield>
  <datafield tag="942" ind1=" " ind2=" ">
    <subfield code="c">BK</subfield>
  </datafield>
  <datafield tag="590" ind1=" " ind2=" ">
    <subfield code="a">niveau_biblio:m niveau_hierar:0</subfield>
  </datafield>
  <datafield tag="100" ind1="1" ind2=" ">
    <subfield code="a">Freeman, Harold</subfield>
  </datafield>
  <datafield tag="700" ind1="1" ind2=" ">
    <subfield code="a">Nieto de Pascual, Jos&#xE9;</subfield>
  </datafield>
  <datafield tag="700" ind1="1" ind2=" ">
    <subfield code="a">Velasco Coba, Federico</subfield>
  </datafield>
  <datafield tag="999" ind1=" " ind2=" ">
    <subfield code="c">2926</subfield>
    <subfield code="d">2926</subfield>
  </datafield>
  <datafield tag="952" ind1=" " ind2=" ">
    <subfield code="0">0</subfield>
    <subfield code="1">0</subfield>
    <subfield code="4">0</subfield>
    <subfield code="7">0</subfield>
    <subfield code="a">BCEJYS</subfield>
    <subfield code="b">BCEJYS</subfield>
    <subfield code="c">16</subfield>
    <subfield code="d">2026-04-07</subfield>
    <subfield code="l">0</subfield>
    <subfield code="o">519.23 F855</subfield>
    <subfield code="p">L53100</subfield>
    <subfield code="r">2026-04-07 15:56:49</subfield>
    <subfield code="w">2026-04-07</subfield>
    <subfield code="y">L</subfield>
  </datafield>
</record>
